8 mots dans mots : pas (mort subite) - Statistiques

Statistiques générales
  • Ce quiz a été pris 47 fois
  • Le résultat moyen est 6 sur 8
Answers on the Grid
Answers color-coded by a green-red scale on the quiz's grid according to % correct below.
s---mophile
im---siblement
juxta---er
sur---ser
surim---er
outre---ser
a---tropher
bronchos---me
électro---itive
de---sionner
re---itionner
tre---ser
pro---itionnelle
photocom---ition
op---itionnelle
antis---modique
 
Statistiques - réponses
Réponse % Correct
im---siblement
91%
sur---ser
91%
outre---ser
86%
tre---ser
80%
s---mophile
66%
bronchos---me
64%
antis---modique
59%
de---sionner
55%
Aucun quiz correspondant
Distribution des résultats
% des personnes avec chaque résultat
Percentile par nombre de réponses
Votre historique - résultats
Vous n’avez pas pris ce quiz